00426 a2200121 4500003000500000005001700005040000900022082001500031245009400046260003900140300001600179505010900195NUST20221202183642.0 cNust a025.31,DEF aDefence industries in pakistan Catalogue 1998 /cDirectorate general munitions production apakistanbDefence inductriesc1998 axii,161p .: aFirms And Industries (Page-1), Products (Page-121), Index Of Services And Special Facilities (Page-158).